000 00361nam a2200133Ia 4500
003 GCL
008 140319s9999 xx 000 0 ara d
040 _aGCL /
_cGCL
082 0 4 _a813.01
_bم ح
100 1 _aمحمد كمال محمد
245 1 0 _aحب وحصاد : مجموعة قصص قصيرة /
_cمحمد كمال محمد
300 _a112 ص
490 _a
999 _c47539
_d47539